BSOP header

The Filipino woman in focus / (Record no. 6335)

MARC details
000 -LEADER
fixed length control field 00569nam a2200193 4500
008 - FIXED-LENGTH DATA ELEMENTS--GENERAL INFORMATION
fixed length control field 020530s1995 ph 1 engQU
020 ## - INTERNATIONAL STANDARD BOOK NUMBER
International Standard Book Number 9718729003
245 10 - TITLE STATEMENT
Title The Filipino woman in focus /
Statement of responsibility, etc edited by Amaryllis T. Torres
260 ## - PUBLICATION, DISTRIBUTION, ETC. (IMPRINT)
Place of publication, distribution, etc Quezon City :
Name of publisher, distributor, etc UP Press,
Date of publication, distribution, etc c1995.
300 ## - PHYSICAL DESCRIPTION
Extent xv, 341 p.;
Dimensions 26cm.
336 ## - CONTENT TYPE
Content Type Term text
337 ## - MEDIA TYPE
Media Type Term unmediated
338 ## - CARRIER TYPE
Carrier Type Term volume
504 ## - BIBLIOGRAPHY, ETC. NOTE
Bibliography, etc Includes index.
651 #4 - SUBJECT ADDED ENTRY--GEOGRAPHIC NAME
Geographic name Women
Geographic subdivision Philippines
General subdivision Addresses, essays, lectures.
651 #4 - SUBJECT ADDED ENTRY--GEOGRAPHIC NAME
Geographic name Women
Geographic subdivision Philippines
General subdivision Research.
700 1# - ADDED ENTRY--PERSONAL NAME
Personal name Torres, Amaryllis T.
942 ## - ADDED ENTRY ELEMENTS (KOHA)
Source of classification or shelving scheme Library of Congress Classification
Item type Books
Holdings
Withdrawn status Lost status Source of classification or shelving scheme Damaged status Not for loan Home library Current library Shelving location Date acquired Inventory number Shelving control number Total Checkouts Full call number Barcode Date last seen Price effective from Koha item type
    Library of Congress Classification     BSOP Library BSOP Library Filipiniana 12/21/2000 17498 127   HQ1757 F47 00016573 02/23/2013 02/23/2013 Books
BSOP

Biblical Seminary of the Philippines
  All rights Reserved
  © 2024

CONTACT INFORMATION

Biblical Seminary of the Philippines,
  77-B Karuhatan Road, Valenzuela City,
  PHILIPPINES 1441
  Phone: +632 8292-6795 / 8292-6798
  Fax : +632 8292-6675
  Email: library@bsop.edu.ph